000 01001nam a2200289Ia 4500
001 B4485
003 IT-RoPAU
008 130308s9999 xx 000 0 und d
040 _aIT-RoPAU
040 _cIT-RoPAU
041 _aINGLESE
100 _aTetzlaff David
100 _gCodice Aut. SPICS: 38325
245 _aPopular Culture and Social control in late Capitalism
245 _bCulture And Power-A Media, Culture & Society Reader
250 _a1a ed.
260 _aLONDON
260 _bSage Publications B.H.
260 _c1992 [1° Ed.:1992 - Ed.Ling.Originale:1992]
300 _a"25 p. (prefazione: no ; testo: 25 [pagine: 48-72])"
500 _aCultura Popolare e Controllo Sociale nel Tardo Capitalismo. Ideologia e Postmodernità Come forme di Controllo. Capitalismo: Controllo e Storia. Cultura Burocratica. matrice di Dominio, di lotte e sistemi Sociali.
650 _aSOCIOLOGIA
650 _eCodice materia Spics: 3651
942 _cBK
957 _71
999 _c79070
_d79070
999 _g1